धग (Record no. 1230646)

MARC details
000 -LEADER
fixed length control field 00596nam a2200193Ia 4500
008 - FIXED-LENGTH DATA ELEMENTS--GENERAL INFORMATION
fixed length control field 151121s9999||||xx |||||||||||||| ||und||
082 ## - DEWEY DECIMAL CLASSIFICATION NUMBER
Classification number 813-/घोरप
082 ## - DEWEY DECIMAL CLASSIFICATION NUMBER
Item number HNW-41811
100 ## - MAIN ENTRY--PERSONAL NAME
Personal name घोरपडे किशोर
245 ## - TITLE STATEMENT
Title धग
260 ## - PUBLICATION, DISTRIBUTION, ETC. (IMPRINT)
Name of publisher, distributor, etc "महाराष्ट्र राज्य साहित्य-संस्कृति मंडळ, मुंबई"
260 ## - PUBLICATION, DISTRIBUTION, ETC. (IMPRINT)
Date of publication, distribution, etc --
300 ## - PHYSICAL DESCRIPTION
Extent 122
600 ## - SUBJECT ADDED ENTRY--PERSONAL NAME
Personal name घोरपडे किशोर
630 ## - SUBJECT ADDED ENTRY--UNIFORM TITLE
Uniform title धग
700 ## - ADDED ENTRY--PERSONAL NAME
Personal name घोरपडे किशोर
730 ## - ADDED ENTRY--UNIFORM TITLE
Uniform title धग
942 ## - ADDED ENTRY ELEMENTS (KOHA)
Koha item type Book
Holdings
Withdrawn status Lost status Damaged status Not for loan Home library Current library Date acquired Cost, normal purchase price Total Checkouts Full call number Barcode Date last seen Cost, replacement price Price effective from Koha item type
        Hirachand Nemchand Wachanalaya, Solapur Hirachand Nemchand Wachanalaya, Solapur 11/21/2015 15.00   HNW-41811 HNW-41811 11/21/2015 15.00 11/21/2015 Book